Statistics for Steven Spielberg's Oscar Nominations

Click here to take the quiz!

General Stats

  • This quiz has been taken 255 times
  • The average score is 10 of 15

Answer Stats

Release Year of the FilmCategoryFilm% Correct
1982DirectionE.T. the Extra-Terrestrial
92%
1982Production (Best Picture)E.T. the Extra-Terrestrial
92%
1993DirectionSchindler's List
92%
1993Production (Best Picture)Schindler's List
92%
1998DirectionSaving Private Ryan
82%
1998Production (Best Picture)Saving Private Ryan
82%
1981DirectionRaiders of the Lost Ark
75%
1977DirectionClose Encounters of the Third Kind
67%
1985Production (Best PIcture)The Color Purple
57%
2012DirectionLincoln
54%
2012Production (Best Picture)Lincoln
54%
2005DirectionMunich
54%
2005Production (Best Picture)Munich
54%
2011Production (Best Picture)War Horse
47%
2006Production (Best Picture)Letters from Iwo Jima
14%

Score Distribution

Percentile by Number Answered

Percent of People with Each Score

Your Score History

You have not taken this quiz